000 00814cab a2200277 4500
001 WB3214-04
008 090401t1996 xxu||||| |||| 00| 0 eng d
035 _a(Sirsi) u64593
041 _aeng
245 _aAsbestos payout
260 _c1996
350 _a0
490 _aTimes
_v3 April 1996, 9
490 _aScotsman
_v3 April 1996, 5(2)
520 _aT&N has been ordered to pay compensation to asbestos victims after losing their appeal against a high court decision. This landmark decision may encourage similar claims.
650 _aASBESTOS DUST
650 _aCANCER
650 _aCOMPENSATION
650 _aDUTY OF CARE
650 _aHEALTH HAZARDS
650 _aMESOTHELIOMA
650 _aT & N
690 _aBUILT ENVIRONMENT-BUILDING MATERIALS
942 _n0
948 _c04/03/1997
999 _c40238
_d40238